W jakich zespołach oni jeździli w F1 - Statystyki

Ogólne statystyki
  • Ten quiz został rozwiązany 363 razy
  • Średni wynik to 10 z 15
Statystyki odpowiedzi
Nazwisko Sezon Zespół % Poprawnych
Max Verstappen 2018 Aston Martin Red Bull Racing
98%
Daniel Riccardo 2019 Renault F1 Team
92%
Nico Rosberg 2013 Mercedes AMG Petronas F1 Team
91%
Heikki Kovalainen 2008 Vodafone McLaren Mercedes
85%
Pastor Maldonado 2011 Williams
84%
Kevin Magnussen 2017 Haas F1 Team
80%
Robert Kubica 2006 BMW Sauber
79%
Sebastian Vettel 2007 Scuderia Toro Rosso
70%
Romain Grosjean 2015 Lotus F1 Team
67%
Nico Hülkenberg 2016 Sahara Force India F1 Team
67%
Jenson Button 2009 Brawn GP Formula One Team
66%
Jules Bianchi 2014 Marussia F1 Team
50%
Bruno Senna 2010 HRT F1 Team
40%
Witalij Pietrow 2012 Caterham F1 Team
28%
Narain Karthikeyan 2005 Jordan Grand Prix
22%
Nie znaleziono quizów pasujących do podanych kryteriów
Rozkład punktacji
Procent ludzi z każdym wynikiem
Percentyl według liczby udzielonych odpowiedzi
Twoja historia wyników
Nie rozwiązałeś tego quizu